00386pab a2200145 454500008004000000100001700040245004500057260000900102300001300111362001100124650003100135650002200166700001800188773003400206180718b2013 xxu||||| |||| 00| 0 eng d aOliva, Jaime aRenewal of democracy in Brazils protests c2013 ap.12-14. a27 Jul aProtest movements - Brazil aProtest movements aKhoury, Aline aEconomic and Political Weekly